Statistics for Detroit Tigers: Home Run Leader Every Year

Click here to take the quiz!

General Stats

  • This quiz has been taken 44 times
    (9 since last reset)
  • The average score is 65 of 127

Answer Stats

Year Player Home Runs % Correct
1933 (Tie)Hank Greenberg12
100%
1990Cecil Fielder51
100%
2008Miguel Cabrera37
100%
2014Victor Martinez32
86%
1907Ty Cobb5
86%
2015J.D. Martinez38
86%
1955Al Kaline27
71%
2007Magglio Ordóñez28
71%
1918Harry Heilmann5
71%
1968Willie Horton36
71%
1976Jason Thompson17
57%
1979Steve Kemp26
57%
1970Jim Northrup24
57%
1962Norm Cash39
57%
1980Lance Parrish24
57%
1993Mickey Tettleton32
57%
1960Rocky Colavito35
57%
1985Darrell Evans40
57%
1989Lou Whitaker28
57%
1932Charlie Gehringer19
57%
2017Justin Upton28
43%
1974Bill Freehan18
43%
2003Dmitri Young29
43%
1941Rudy York27
43%
1996Tony Clark27
43%
2000Bobby Higginson30
43%
1936Goose Goslin24
29%
1953Ray Boone22
29%
1958Gail Harris20
29%
1964Dick McAuliffe24
29%
2004Carlos Peña27
29%
2006Craig Monroe28
29%
1999Dean Palmer38
29%
2018Nick Castellanos23
29%
1903Sam Crawford4
29%
2001Robert Fick19
14%
2002Randall Simon19
14%
2019Brandon Dixon15
14%
1926Heinie Manush14
14%
1915George Burns5
14%
1952Walt Dropo23
14%
1904 (Tie)Charlie Hickman2
14%
1956Charlie Maxwell28
14%
1904 (Tie)Matty McIntyre2
0%
1906 (Tie)Germany Schaefer2
0%
1906 (Tie)Charley O'Leary2
0%
1906 (Tie)Bill Coughlin2
0%
1901 (Tie)Jimmy Barrett4
0%
1917Bobby Veach8
0%
1929Dale Alexander25
0%
1931John Stone10
0%
1945 (Tie)Roy Cullenbine18
0%
1948Pat Mullin23
0%
1949Vic Wertz20
0%
1901 (Tie)Ducky Holmes4
0%

Score Distribution

Percentile by Number Answered

Percent of People with Each Score

Your Score History

You have not taken this quiz since the last reset